Povinnosti zamestnávateľa pri vyplácaní prídavku na dieťa po 1. 1. 2004.
Základné zmeny oproti súčasnému legislatívnemu stavu.
Saved in:
| Main Author: | |
|---|---|
| Format: | Book Chapter |
| Language: | Slovak |
| Subjects: | |
| Tags: |
No Tags, Be the first to tag this record!
|
MARC
| LEADER | 00000naa$a2200000$$$4500 | ||
|---|---|---|---|
| 001 | 0003865 | ||
| 005 | 20231003105358.0 | ||
| 041 | 0 | |a slo | |
| 044 | |a SK | ||
| 245 | 1 | 0 | |a Povinnosti zamestnávateľa pri vyplácaní prídavku na dieťa po 1. 1. 2004. |c aut. Jolana Strýčková |
| 520 | |a Základné zmeny oproti súčasnému legislatívnemu stavu. | ||
| 610 | 2 | 0 | |a prídavky na deti |
| 610 | 2 | 0 | |a poistenie sociálne |
| 610 | 2 | 0 | |a zamestnávatelia |
| 610 | 2 | 0 | |a 2004 |
| 100 | 1 | |a Strýčková, Jolana | |